Franz Karmasin opäť na scéne

Bibliographic Details
Main Author: Lipták, Ľubomír, 1930-2003 (Author)
Format: Book
Language:Slovak
PhysicalDescription:77, [3] s., [8] s. fot. príl. 8°
Published: Bratislava VPL 1962
Subjects:

MARC

LEADER 00000cam a2200000 a 4500
001 vtls008347489
003 SK-MaSNL
005 20260301075210.0
008 230403s1962 xo slo
015 |a SNBA1962/08-01300 
035 |a SK01SNK19620039706 
035 |a urn:nbn:sk:snk-amlqap 
035 |a urn:nbn:sk:snk-am00c0m2 
035 |a 46394632-F486-44E8-A709-00D564D158BE 
035 |a SKM000042169 
040 |a SNK  |b slo  |c SNK  |e AACR2 
041 0 |a slo 
044 |a xo 
080 |a 943.0:929(048.84)  |2 1981 
100 1 |a Lipták, Ľubomír,  |d 1930-2003  |4 aut  |9 105323 
245 1 0 |a Franz Karmasin opäť na scéne  |c Ľubomír Lipták 
260 |a Bratislava  |b VPL  |c 1962  |e Bratislava  |f Pravda 
300 |a 77, [3] s., [8] s. fot. príl.  |c 8° 
500 |a Vysvetl. 
563 |a 4000 výtl. 
600 1 |a Karmasin, Franz,  |d 1901-1970  |x politická činnosť  |x rozprávanie  |2 SNK  |9 80601 
655 7 |a príručky  |2 SNKPH  |9 74364 
852 |a Slovenská národná knižnica 
954 |a odborná, vedecká literatúra pôvodná (slovenská)  |2 lita 
958 |a OND 
958 |a TL 
958 |a RK 
958 |a EUIPO 
999 |c 649436  |d 651366 
952 |a SNK  |b SNK  |y VYP  |7 0  |p 17A0492891  |o snkSD 22415 D1  |i snkKSP 3591/62  |3 Rekatalogizácia  |0 0  |1 0  |4 0  |d 2006-01-03  |l 0  |r 2026-02-23 18:18:18  |w 2026-02-23 
952 |a SNK  |b SNK  |y PREZ  |7 0  |p 17A0726379  |o snkSD 22415  |0 0  |1 0  |4 0  |d 2011-11-16  |f 1  |l 0  |r 2026-02-23 18:18:18  |w 2026-02-23